Logo BPK

Biblioteka

Politechniki Koszalińskiej

Wykrywanie uszkodzeń w układach cyfrowych / (Rekord nr 26326)

Szczegóły MARC
000 -ETYKIETA REKORDU
podpole kontrolne o stałej długości 00572nam a2200181 i 4500
001 - NUMER KONTROLNY REKORDU
pole kontrolne bg
040 ## - ŹRÓDŁO KATALOGOWANIA
Instytucja, która utworzyła rekord BPK
041 ## - KOD JĘZYKA
Kod języka tekstu pol
080 ## - UNIWERSALNA KLASYFIKACJA DZIESIĘTNA - UKD
UKD 681.32
008 - POLE O STAŁEJ DŁUGOŚCI - DANE KONTROLNE
podpole kontrolne o stałej długości s pl f |000 0 pol
100 1# - NAZWA OSOBOWA
Nazwa osobowa FRIEDMAN, Artur D.
245 #0 - TYTUŁ/ODPOWIEDZIALNOŚĆ
Tytuł Wykrywanie uszkodzeń w układach cyfrowych /
Pozostałe elementy strefy tytułu i oznaczenia odpowiedzialności Artur Friedman, Premachandran R. Menon ; Tłum. [z ang.] Kazimierz Bieńkowski.
260 ## - STREFA ADRESU WYDAWNICZEGO
Miejsce wydania Warszawa :
Nazwa wydawcy/dystrybutora Wydawn. Nauk.-Techn.,
Data publikacji, dystrybucji/powstania dokumentu 1974.
300 ## - STREFA OPISU FIZYCZNEGO
Objętość s. 175 :
Inne cechy fizyczne rys., tab., tabl.
504 ## - UWAGA DOTYCZĄCA BIBLIOGRAFII
Informacje o bibliografii [Zawiera bibliogr. s. 166-167].
700 1# - HASŁO DODATKOWE - NAZWA OSOBOWA
Nazwa osobowa MENON, Premachandran R.
856 ## - LOKALIZACJA I DOSTĘP DO ELEKTRONICZNYCH DOKUMENTÓW ZDALNYCH
Link (URL) http://koha.tu.koszalin.pl/cgi-bin/koha/opac-detail.pl?biblionumber=26326
Tekst linku Katalog online BPK
942 ## - DODATKOWE ELEMENTY (KOHA)
Typ dokumentu Książka
Egzemplarze
Wycofany Status egzemplarza Uszkodzony Dostępność Lokalizacja stała Lokalizacja bieżąca Miejsce przechowywania Sygnatura Kod kreskowy Typ dokumentu
      Dostępny Biblioteka Politechniki Koszalińskiej Biblioteka Politechniki Koszalińskiej Wypożyczalnia BG 17580 02129976 Książka
      Dostępny Biblioteka Politechniki Koszalińskiej Biblioteka Politechniki Koszalińskiej Wypożyczalnia BG 17581 01713336 Książka
© 2023 Biblioteka Politechniki Koszalińskiej :: KOHA